| 000 | 00864nam a2200277 i 4500 | ||
|---|---|---|---|
| 001 | 000038898 | ||
| 003 | DO-SdBNP | ||
| 005 | 20250801110335.0 | ||
| 007 | ta | ||
| 008 | s2003 dr 000 0 spa d | ||
| 040 |
_aDO-SdBNP _bspa _cBNPHU _erda |
||
| 041 | _aspa | ||
| 082 | 4 |
_axxx _bR337 _222 |
|
| 110 | _9447 | ||
| 240 | 1 | 0 | _a[Leyes, etc.] |
| 245 | 1 | 0 |
_aReglamento No. 201-02 de la ley de mercado de valores del 19 de marzo del 2002 : _bLey No. 19-00 que regula el mercado de valores en la República Dominicana G.O. 10044 |
| 264 | 1 |
_aSanto Domingo : _bCongreso Nacional, _c2003. |
|
| 300 |
_a130 páginas : _bilustraciones ; _c21 cm. |
||
| 336 |
_atexto _btxt _2rdacontent |
||
| 337 |
_asin mediación _bn _2rdamedia |
||
| 338 |
_avolumen _bnc _2rdacarrier |
||
| 590 | _aInventariado, 2025/DG | ||
| 710 | 2 | _965166 | |
| 910 | _aDG | ||
| 942 |
_2ddc _cLBS1 |
||
| 999 |
_c59710 _d59710 |
||